Normal view MARC view

Entry Topical Term

Number of records used in: 1

001 - CONTROL NUMBER

  • control field: 50273

003 - CONTROL NUMBER IDENTIFIER

  • control field: OSt

005 - DATE AND TIME OF LATEST TRANSACTION

  • control field: 20250121105053.0

008 - FIXED-LENGTH DATA ELEMENTS

  • fixed length control field: 250121|| aca||aabn | a|a d

040 ## - CATALOGING SOURCE

  • Original cataloging agency: OSt
  • Transcribing agency: OSt

150 ## - HEADING--TOPICAL TERM

  • Topical term or geographic name entry element: Women Article 21

670 ## - SOURCE DATA FOUND

  • Source citation: Work cat.: (OSt)525491: Bhadury, Samir and Yaluk, Khyoda 50272, Judicial activism: An instrument for women’s emancipation in India

Powered by Koha